| 000 | 01262nam a22003377a 4500 | ||
|---|---|---|---|
| 003 | CHAP | ||
| 005 | 20220817044526.0 | ||
| 008 | 120611s2011 it rn 00010 fre d | ||
| 010 | _a103317 | ||
| 011 | _a104289 | ||
| 020 | _a978.9252067627 | ||
| 035 | _a114979 | ||
| 040 | _cCHAP | ||
| 082 | 0 | 4 |
_a639.2 _bF46f v.958 |
| 110 | 2 | _aFAO | |
| 245 | 1 | 0 |
_aRapport de la consultation d'experts chargés d'élaborer un cadre d'evaluation de la conformité des programmes publics et privés d'écolabellisation aux directitives de la FAO pour l'etiquetage écologique du poisson et des produits des pêches de capture marines _c/por FAO |
| 260 |
_aRoma : _bFAO, _c2011 |
||
| 300 | _av. 51 p. | ||
| 490 | 0 |
_aFAO. Informe de pesca y acuicultura _v958 |
|
| 500 | _aRome, 24-26 novembre 2010 | ||
| 590 |
_aBATCH-UPD _b10 _c20130110 _lUCH01 _h1322 |
||
| 590 |
_aBATCH-UPD _b10 _c20130410 _lUCH01 _h0654 |
||
| 590 |
_aCONVERSION _b10 _c20130109 _lUCH01 _h1357 |
||
| 650 | 1 | 4 |
_aAlimentos _xEtiquetado. |
| 650 | 1 | 4 |
_aPesca marina. _987438 |
| 650 | 1 | 4 |
_aProductos pesqueros. _992201 |
| 830 | 1 | 0 |
_aFAO. Informe de pesca y acuicultura _v958 _939588 |
| 901 | _aBK | ||
| 942 | _cLIBRO | ||
| 949 |
_a639.2 F46f v.958 _bBC _cFAO _d33724002332298 _eFAO1 _gDonaciØn _h114945 _i114979 _sb |
||
| 999 |
_c103317 _d103317 |
||